عرض عادي
عرض مارك
- الذكاء الصناعي.
مدخل مصطلح موضوعي
001 - رقم الضبط
- حقل الضبط: 93715
003 - معرف رقم الضبط
- حقل الضبط: OSt
005 - تاريخ ووقت أخر عملية
- حقل الضبط: 20220706145118.0
008 - عناصر بيانات ثابتة الطول
- حقل تحكم ثابت الطول: 220706|| aca||aabn | a|a d
040 ## - مصدر الفهرسة
- هيئة الفهرسة الأصلية: OSt
- وكالة الكتابة: OSt
150 ## - مدخل-- مصطلح تاريخي
- عنصر مدخل المصطلح الموضوعي او الاسم الجغرافي: الذكاء الصناعي.
670 ## - بيانات المصدر موجوده
- الاستشهاد بالمصدر: Work cat.: (OSt)80719: احترف Arduino /, 2020
